000 01059cam a2200289 a 4500
001 2843
005 20250806144352.0
020 _a9781404870505
040 _aDLC
_cDLC
_dDLC
_beng
050 0 0 _aPZ8.B6732
_b 2012
082 0 0 _a398.2
100 1 _aBraun, Eric
_d1971-
245 1 0 _aTrust me, Jack's beanstalk stinks! :
_bthe story of Jack and the beanstalk as told by the giant /
_cby Eric Braun ; illustrated by Cristian Bernardini.
250 _aPrinted in the United States of America
260 _aMankato, MN :
_bPicture Window Books,
_c2012
300 _a24 pages :
_bcolor illustrations ;
_c26 cm .
490 _aThe Other Side of the Story
505 _aK
520 _aThe giant tells what really happened when Jack kept climbing up the beanstalk and sneaking into his house.
521 _a520
_bLexile
521 _aK
_bRaz--Plus
650 1 _aFairy tales.
650 1 _aHumorous stories.
700 1 _aBernardini, Cristian
_d1975-
_eillustrator
906 _a7
_bcbc
_corignew
_d1
_eecip
_f20
_gy-gencatlg
942 _2ddc
_cBK
_n0
999 _c2843
_d2843